000 00373nam a2200157Ia 4500
008 210716s1993 xx 000 0 und d
020 _a0030965659
041 _aeng
082 _a657 BELA
100 _aBelkaoui, Ahmed Riahi.
245 _aAccounting theory
250 _a3
260 _aNew York
_bDryden Press
_c1993
300 _avi,539
650 _aAccounting(657)
999 _c200847
_d200847